000 01618nam a2200421 c 4500
001 24709
003 ES-MaCES
005 20141221122925.0
008 121017s2012 sp t 000 | spa d
017 _aM 1342-2012
_bDL
020 _a9788499039756
035 _aCES20120006961m
040 _aES-MaCES
_bspa
_cES-MaCES
245 0 0 _aReforma y modernización de la Seguridad Social
_b: análisis de la Ley 27/2011, de 1 de agosto
_cAntonio V. Sempere Navarro, Francisco Javier Fernández Orrico, dirs. ; autores, Henar Álvarez Cuesta ... [et al.]
250 _a1ª ed
260 _aCizur Menor (Navarra)
_bThomson Reuters-Aranzadi
_c2012
300 _a808 p.
_c25 cm
500 _aReferencias normativas y jurisprudenciales por capts.
504 _aBibliografía
541 _cCompra
610 1 4 _aEspaña
_tLey sobre actualización, adecuación y modernización del sistema de Seguridad Social
_d2011
_93206
650 4 _arégimen de pensión
_927042
650 4 _ajubilación
_928360
650 4 _aedad de jubilación
_930262
650 4 _aseguridad social
_927034
650 4 _areforma de la seguridad social
_930668
650 4 _alegislación de seguridad social
_929855
650 4 _aEspaña
_926964
650 4 _a2011
_931999
650 4 _acomentario
_928971
653 1 0 _aDerecho del trabajo y Seguridad Social
700 1 _aÁlvarez Cuesta, Henar
_96119
700 1 _aSempere Navarro, Antonio Vicente
_edir.
_923834
700 1 _aFernández Orrico, Francisco Javier
_edir.
_911935
902 _aLIB Libro
942 _2CES
_cBK
_h6.0.1.
999 _c24709
_d24709